Arte de la restauración (Record no. 162378)

MARC details
000 -LEADER
campo de control de longitud fija 00668nam a22001695i 4500
001 - NÚMERO DE CONTROL
campo de control 162378
003 - IDENTIFICADOR DE NÚMERO DE CONTROL
campo de control ES-MaACL
005 - FECHA Y HORA DE LA ÚLTIMA TRANSACCIÓN
campo de control 20251003063141.0
008 - DATOS DE LONGITUD FIJA--INFORMACIÓN GENERAL
campo de control de longitud fija 951113s1853 sp |||| | spa d
040 ## - FUENTE DE CATALOGACIÓN
Centro catalogador/agencia de origen AS
Lengua de catalogación spa
Centro/agencia transcriptor CCPB | SIC
100 1# - ENTRADA PRINCIPAL--NOMBRE DE PERSONA
Nombre de persona Poleró y Toledo, Vicente,
Fechas asociadas al nombre 1824-1911
9 (RLIN) 92809
245 10 - MENCIÓN DEL TÍTULO
Título Arte de la restauración
Resto del título : observaciones relativas a la restauración de cuadros /
Mención de responsabilidad, etc. Vicente Poleró y Toledo.
260 ## - PUBLICACIÓN, DISTRIBUCIÓN, ETC.
Lugar de publicación, distribución, etc. Madrid :
Nombre del editor, distribuidor, etc. [s.n.],
Fecha de publicación, distribución, etc. 1853 (
Fabricante Imprenta á cargo de M.A. Gil)
300 ## - DESCRIPCIÓN FÍSICA
Extensión 96 p. ;
Dimensiones 20 cm.
852 ## - LOCALIZACIÓN
Ubicación ES-MaACL
Número de control de estantería T-306-F-3
Nota libre -- Enc. hol.
condición física -- Falto de la cub. original
Nota libre -- Enc. en un vol. facticio
Holdings
Estatus retirado Estado de pérdida Estado de daño No para préstamo Colección Biblioteca de origen Biblioteca actual Ubicación en estantería Fecha de adquisición Total de préstamos Signatura topográfica completa Código de barras Visto por última vez Precio de reemplazo Tipo de ítem Koha
        Colección de folletos Biblioteca del Ateneo de Madrid Biblioteca del Ateneo de Madrid Depósito folletos 17/01/2008   T-306-F-3 1170113 23/02/2023 23/02/2023 Folleto